000 00633nam a2200241Ia 4500
003 OSt
005 20220918180958.0
006 a|||||r|||| 00| 0
007 ta
008 220917b |||||||| |||| 00| 0 eng d
024 _a25,040
037 _cTextual
040 _aARTS
_cARTS
_beng
041 _2eng
_aeng
082 _aO111,1:g(SM9), M9
100 _aEasthope Antony
_916198
245 0 _aPoetry and phantasy
260 _aCambridge
_bCUP
_c1989
300 _avii,227p.
_ccm.
650 _aENGLISH LITERATURE
942 _hO111,1:g(SM9), M9
_cTEXL
_2CC
999 _c163951
_d163951